Click Countries Of Oceania By Their Flags On a Map - Statistics

General Stats
  • This quiz has been taken 79 times
  • The average score is 11 of 14
Answers on the Map
Answers color-coded by a green-red scale on the quiz's map according to % correct below.
 
Answer Stats
Answer % Correct
95%
93%
86%
79%
77%
77%
74%
74%
74%
72%
72%
72%
67%
58%
No matching quizzes found
Score Distribution
Percent of People with Each Score
Percentile by Number Answered
Your Score History
You have not taken this quiz